| 000 | 00914nam a2200265Ia 4500 | ||
|---|---|---|---|
| 003 | OSt | ||
| 005 | 20220927104121.0 | ||
| 006 | a|||||r|||| 00| 0 | ||
| 007 | ta | ||
| 008 | 220926b |||||||| |||| 00| 0 eng d | ||
| 024 | _a88230 | ||
| 037 | _cReference Collections | ||
| 040 |
_aRTL _cRTL _beng |
||
| 041 |
_2eng _aeng |
||
| 082 | _a"X9(J):9.42.N7, M0/UN" | ||
| 110 |
_aInternational Labour Organisation AsianEmployment Programme _9364306 |
||
| 245 | 0 | _aLabour absorption in agriculture | |
| 260 |
_aBangkok _bInternational Labour Organisation _c1980 |
||
| 300 |
_a285p. Bib chapterwise _ccm. |
||
| 490 | _aAsian Regional Team for Employment Promotion Publicaiton | ||
| 650 |
_aLabour _9364307 |
||
| 700 |
_aInternational Labour Organisation AsianEmployment Programme _9364308 |
||
| 942 |
_h"X9(J):9.42.N7, M0/UN" _cCC |
||
| 999 |
_c686173 _d686173 |
||